[Event "72nd MNE-ch 2020"]
[Site "Podgorica"]
[Date "2020.09.16"]
[Round "8.11"]
[White "Krstonijevic, Stjepan"]
[Black "Pobor, Danilo"]
[Result "1-0"]
[WhiteElo "2098"]
[BlackElo "2059"]
[Annotator "TA"]
[PlyCount "99"]
[EventDate "2020.09.11"]
[EventType "swiss"]
[EventCountry "MNE"]
[SourceTitle "playchess.com"]
[Source "ChessBase"]
[SourceQuality "1"]

{[%evp 9,99,14,18,0,0,0,0,0,28,31,41,17,37,33,29,37,43,26,12,0,29,18,41,9,9,8,8,6,9,2,33,3,16,0,18,0,0,0,0,0,0,0,0,0,0,-3,24,23,28,25,39,28,107,116,106,107,116,81,139,134,264,268,324,246,488,488,938,850,720,602,579,627,617,628,664,664,664,664,659,652,625,631,624,508,686,658,1038,974,29982,29983,29988,29984]} 1. d4 d5 2. c4 e6 3. Nf3 c6 4. Qb3 Nf6 5. Bg5 Nbd7 6. Nbd2 {D11: Slav Defence: 3 Nf3 sidelines and 3...Nf6 4 e3 Bg4.} Be7 7. e3 h6 8. Bh4 {[#] The position is equal.} Qc7 $146 ({Predecessor:} 8... O-O 9. Bd3 b6 10. O-O c5 11. Rac1 cxd4 12. exd4 dxc4 13. Nxc4 Bb7 14. Bb1 Ne4 {1-0 (35) Xie,G (2359)-Hu,J (2132) Sydney 2019}) 9. Rc1 O-O 10. Bd3 dxc4 11. Nxc4 c5 12. O-O b6 13. Bb1 Bb7 14. Nce5 Bd5 15. Qa4 {[#] Hoping for Nxd7.} (15. Qc2 {keeps more tension.} Be4 16. Qa4 Bxb1 17. Nxd7 Qxd7 18. Qxd7 Nxd7 19. Bxe7 Rfe8 20. Rxb1 Rxe7 21. Rbc1) 15... Rfe8 16. Nxd7 (16. b4 {looks sharper.} c4 17. b5 Rac8 18. Nxd7 Qxd7 19. Ne5) 16... Qxd7 17. Qxd7 Nxd7 18. Bxe7 Rxe7 19. dxc5 {[#] e4 is the strong threat.} bxc5 20. e4 Bb7 21. Rfd1 Rc8 22. Nd2 Nb6 23. Nc4 Nxc4 24. Rxc4 Ba6 25. Ra4 Bb5 26. Ra5 Rb7 27. e5 Kf8 28. Be4 Rbb8 29. Rxa7 Be8 30. Rd2 $36 {[%mdl 2048] White fights for an advantage.} (30. b3 {seems wilder.} c4 31. bxc4 Rxc4 32. f3 g5 33. Rd2) 30... Rd8 (30... c4 $11 {remains equal.}) 31. Rxd8 $16 {Black is now going downhill.} Rxd8 {[%cal Rd8d1][%mdl 4096] Endgame KRB-KRB} 32. Kf1 Rd4 33. f3 Rb4 (33... Rd2 $142) 34. b3 Bb5+ (34... c4 $16) 35. Ke1 $18 g5 36. Rb7 g4 $2 (36... Ba6 37. Ra7 Bb5) 37. a4 gxf3 (37... Ba6 $142) 38. gxf3 ({Not} 38. Rxb5 Rxe4+ 39. Kf2 fxg2 $16) 38... Ba6 39. Ra7 c4 40. Rxa6 cxb3 {KRB-KR} 41. Ra8+ Kg7 42. Kd2 b2 {intending ...Rxe4.} 43. Bb1 Rc4 {Black hopes to continue with ...Rc1.} 44. Rb8 Rxa4 45. Rxb2 Ra3 46. Bd3 h5 47. Ke3 Kh6 48. Rb7 Ra2 49. Rxf7 Rxh2 50. f4 {Accuracy: White = 88%, Black = 52%.} 1-0

[Event "72nd MNE-ch 2020"]
[Site "Podgorica"]
[Date "2020.09.16"]
[Round "8.12"]
[White "Sukovic, Andrej"]
[Black "Skenderovic, Ismet"]
[Result "0-1"]
[WhiteElo "2261"]
[BlackElo "1913"]
[Annotator "TA"]
[PlyCount "124"]
[EventDate "2020.09.11"]
[EventType "swiss"]
[EventCountry "MNE"]
[SourceTitle "playchess.com"]
[Source "ChessBase"]
[SourceQuality "1"]

{[%evp 16,124,27,-11,10,0,7,-6,-7,-26,-15,-20,-18,-69,-7,-89,-89,-99,-102,-104,-22,-104,-42,-72,-73,-69,0,0,0,0,0,0,-7,-6,-2,-25,-35,-65,-55,-64,0,0,0,-8,0,0,0,0,243,267,570,562,668,0,0,0,0,-256,-256,-248,-256,-255,-253,-255,-252,-255,-249,-203,-231,-201,-110,-261,-225,-468,-458,-389,-110,-117,-40,-79,0,-117,-117,-117,-117,-91,0,-58,-49,-53,-71,-50,-16,-245,-20,-41,-42,-138,-89,-89,-481,-2167,-2170,-2115,-1678,-2697,-2071,-29987,-29981,-29991,-29992]} 1. e4 d6 2. d4 Nf6 3. Nc3 c6 4. f4 Qa5 5. Bd2 e5 6. Nd5 Qd8 7. Nxf6+ Qxf6 8. dxe5 dxe5 9. Nf3 exf4 {B07: Pirc Defence: Miscellaneous Systems.} 10. Bc3 {[#]} Qe7 $146 ({Predecessor:} 10... Qg6 11. Qd4 Be6 12. O-O-O Nd7 13. Ne5 Qf6 14. Nxd7 Qxd4 15. Bxd4 Bxd7 16. Be5 Bc5 17. Bxg7 {½-½ (51) Shevchenko,K (2373)-Sviridov,V (2511) Moscow 2016}) 11. Bd3 Bg4 {The position is equal.} 12. O-O Nd7 13. h3 Bh5 14. Qe1 (14. Qd2 $11) 14... f6 (14... O-O-O $15) 15. Nd4 (15. e5 $1 $11) 15... g5 $1 $17 16. Nf5 Qe6 $1 17. Bd4 Ne5 (17... c5 $17 18. Bf2 O-O-O) 18. Qc3 (18. Qa5 $11 {keeps the balance.}) 18... Rg8 (18... h6 $17) 19. a4 a5 $1 {...Bb4 is the strong threat.} 20. Bc5 Bg6 (20... Qd7 $15) 21. Bxf8 $11 Kxf8 22. Qc5+ Kf7 {White should prevent ...Rgd8.} 23. Nh6+ Kg7 24. Nxg8 Qxg8 25. b4 Qd8 26. Rad1 b6 27. Qc3 Qc8 (27... axb4 $15 28. Qxb4 c5) 28. bxa5 Rxa5 29. Qd4 c5 30. Qd6 c4 31. Be2 Bxe4 $2 (31... Qc5+ $11 32. Qxc5 bxc5) 32. Qe7+ $18 Kg6 $2 {[#]} (32... Kh6 {is more resistant.} 33. Rd6 Qc5+ 34. Rf2 Ng6 35. Qxf6 Qf5) 33. Rd6 $1 {[%csl Ge7][%cal Rd6f6][%mdl 576] Double Attack} Qh8 {[#]} 34. Rd8 $2 (34. Rxf6+ $1 $18 {[%mdl 512]} Qxf6 35. Bh5+ $1 {[%mdl 576] Deflection} Kxh5 36. Qxf6 Bxc2 37. Qxb6) 34... Qg7 $36 {[%mdl 2048] White is under pressure.} 35. Qe8+ Qf7 36. Bxc4 $2 {[%mdl 8192]} (36. Qh8 $11) 36... Qxe8 $19 37. Rxe8 Nxc4 38. Rxe4 $11 {[%mdl 4096] Endgame KRR-KRN} Nd2 {[%mdl 64] Double Attack} 39. Rb4 Nxf1 40. Kxf1 $19 {KR-KR} h5 41. Ke2 Kf5 42. c4 Ke5 (42... g4 $1 $19 43. Kf2 Rc5) 43. Kf3 $2 (43. Kd3 $17 {was the only defense.}) 43... f5 $1 44. h4 $2 (44. Ke2) 44... g4+ 45. Kf2 Ra6 $2 (45... Rc5 $19 {and Black stays clearly on top. Hoping for ...Ke4.} 46. Kf1 Ke4 47. Rxb6 Rxc4 48. Re6+ Kd5 $1 {[%mdl 512]}) 46. Ke2 $17 {[#]} Ke6 ({Black should try} 46... Ra8 $1 $17 47. Rb5+ Ke4) 47. Kf2 Ke5 48. Ke2 Ra8 49. Rb5+ Ke4 50. Rb4 {Threatening c5+.} Ke5 51. Rb5+ $1 Kd4 $1 52. Rxf5 Ke4 53. Rxh5 Rxa4 54. Rh6 $2 (54. Rh8 $1 $11 {and White has nothing to worry.}) 54... Rb4 $2 ({Not} 54... Rxc4 55. Rxb6 Rc2+ 56. Kf1 $15) (54... g3 $19 {Threatens to win with ...Ra2+.} 55. Rh8 Ra2+ 56. Kf1 Rf2+ 57. Kg1 Rc2) 55. Re6+ $11 Kf5 56. Rd6 (56. Re8 $15) 56... Rb2+ 57. Kf1 g3 58. h5 (58. Rd8 $142 Kg4 59. Rf8) 58... Rb1+ $19 59. Ke2 Rg1 60. h6 Rxg2+ 61. Kf1 Rh2 62. Rxb6 f3 {Never resign too early! Accuracy: White = 52%, Black = 59%.} 0-1

[Event "72nd MNE-ch 2020"]
[Site "Podgorica"]
[Date "2020.09.17"]
[Round "9.1"]
[White "Kalezic, Blazo"]
[Black "Blagojevic, Dragisa"]
[Result "1/2-1/2"]
[WhiteElo "2448"]
[BlackElo "2492"]
[Annotator "TA"]
[PlyCount "24"]
[EventDate "2020.09.11"]
[EventType "swiss"]
[EventCountry "MNE"]
[SourceTitle "playchess.com"]
[Source "ChessBase"]
[SourceQuality "1"]

{[%evp 11,24,27,47,35,38,50,54,30,43,36,35,44,33,25,8]} 1. e4 e5 2. Nf3 Nc6 3. Bb5 g6 4. O-O Bg7 5. c3 a6 6. Ba4 d6 7. d4 {C60: Ruy Lopez: Unusual Black 3rd moves and 3...g6.} b5 8. Bb3 exd4 9. Nxd4 {[#]} Nxd4 $146 ({Predecessor:} 9... Bb7 10. Re1 Nge7 11. Nf3 O-O 12. Bg5 h6 13. Bh4 Na5 14. Bc2 Nc4 15. Nbd2 Nxd2 16. Nxd2 {1-0 (59) Sasikiran,K (2672)-Van Foreest,J (2624) Batumi 2018}) 10. cxd4 Bb7 11. Nc3 Ne7 12. f4 c5 {White took control after the opening.} 1/2-1/2

[Event "72nd MNE-ch 2020"]
[Site "Podgorica"]
[Date "2020.09.17"]
[Round "9.2"]
[White "Nikcevic, Nebojsa"]
[Black "Draskovic, Luka"]
[Result "1/2-1/2"]
[WhiteElo "2413"]
[BlackElo "2472"]
[Annotator "TA"]
[PlyCount "34"]
[EventDate "2020.09.11"]
[EventType "swiss"]
[EventCountry "MNE"]
[SourceTitle "playchess.com"]
[Source "ChessBase"]
[SourceQuality "1"]

{[%evp 17,18,0,0]} 1. d4 d5 2. Bf4 Nf6 3. e3 Bf5 4. Nf3 e6 5. Bd3 Bxd3 6. Qxd3 Nbd7 7. Nbd2 c5 8. c3 Be7 9. O-O O-O {[#]} {Predecessor:} 10. h3 $146 {D02: 1 d4 d5 2 Nf3 sidelines, including 2...Nf6 3 g3 and 2...Nf6 3 Bf4.} Qb6 11. Rab1 Rac8 12. a3 Rfd8 13. b4 cxd4 14. cxd4 a6 15. Rfc1 Qb5 16. Qxb5 axb5 17. Nb3 b6 {½-½ (60) Galkin,A (2611)-Postny,E (2605) Moscow 2019} 1/2-1/2

[Event "72nd MNE-ch 2020"]
[Site "Podgorica"]
[Date "2020.09.17"]
[Round "9.3"]
[White "Podlesnik, Bogdan"]
[Black "Djukic, Nikola"]
[Result "1/2-1/2"]
[WhiteElo "2354"]
[BlackElo "2525"]
[Annotator "ChessBase"]
[PlyCount "99"]
[EventDate "2020.09.11"]
[EventType "swiss"]
[EventCountry "MNE"]
[TimeControl "5400+30"]

1. e4 {[%emt 0:00:33]} c5 {[%emt 0:00:00]} 2. Nf3 {[%emt 0:00:27]} d6 {[%emt 0:00:00]} 3. d4 {[%emt 0:00:24]} cxd4 {[%emt 0:00:00]} 4. Nxd4 {[%emt 0:00:08]} Nf6 {[%emt 0:00:00]} 5. Nc3 {[%emt 0:00:05]} a6 {[%emt 0:00:00]} 6. f4 {[%emt 0:00:28]} e5 {[%emt 0:00:02]} 7. Nf3 {[%emt 0:00:17]} Nbd7 {[%emt 0:00:07]} 8. Bc4 {[%emt 0:04:30]} b5 {[%emt 0:00:38]} 9. fxe5 {[%emt 0:01:12]} dxe5 {[%emt 0:00:21]} 10. Bd5 {[%emt 0:00:08]} Rb8 {[%emt 0:00:56]} 11. a3 {[%emt 0:06:43]} b4 {[%emt 0:08:36]} 12. axb4 {[%emt 0:00:16]} Bxb4 {[%emt 0:00:07]} 13. O-O {[%emt 0:03:24]} O-O {[%emt 0:00:56]} 14. Na4 {[%emt 0:01:29]} Bb7 {[%emt 0:11:58]} 15. Bxb7 {[%emt 0:02:51]} Rxb7 {[%emt 0:00:06]} 16. Bg5 {[%emt 0:02:33]} Qc7 {[%emt 0:13:34]} 17. Qe2 {[%emt 0:03:47]} Rc8 {[%emt 0:05:43]} 18. Bxf6 {[%emt 0:02:21]} Nxf6 {[%emt 0:01:05]} 19. c3 {[%emt 0:00:31]} Bf8 {[%emt 0:03:21]} 20. b4 {[%emt 0:05:34]} a5 {[%emt 0:05:18]} 21. b5 {[%emt 0:01:16]} Qc4 {[%emt 0:01:28]} 22. Qxc4 {[%emt 0:01:03]} Rxc4 {[%emt 0:00:05]} 23. Nd2 {[%emt 0:00:58]} Rc8 {[%emt 0:01:10]} 24. Rab1 {[%emt 0:02:08]} Nxe4 {[%emt 0:02:49]} 25. Nxe4 {[%emt 0:02:09]} Rc4 {[%emt 0:00:07]} 26. Rfc1 {[%emt 0:00:58]} f5 27. Ng3 {[%emt 0:00:30]} Rxa4 28. Nxf5 {[%emt 0:00:30]} Bc5+ 29. Kh1 {[%emt 0:00:30]} Rc4 30. Re1 {[%emt 0:00:30]} Rxc3 31. Rxe5 {[%emt 0:00:30]} a4 32. Rf1 {[%emt 0:00:30]} h6 33. h4 {[%emt 0:00:30]} a3 34. Re8+ {[%emt 0:00:30]} Kh7 35. h5 {[%emt 0:00:30]} Rc4 36. g3 {[%emt 0:00:30]} Rf7 37. Kg2 {[%emt 0:00:30]} a2 38. Ra8 {[%emt 0:00:30]} Ra7 39. Rxa7 {[%emt 0:00:30]} Bxa7 40. Ra1 {[%emt 0:00:30]} Ra4 41. Kf3 {[%emt 0:00:30]} Bb8 42. b6 {[%emt 0:00:30]} g6 43. hxg6+ {[%emt 0:00:30]} Kxg6 44. Ne7+ {[%emt 0:00:30]} Kg5 45. Nc6 {[%emt 0:00:30]} Ra3+ 46. Ke2 {[%emt 0:00:30]} Bxg3 47. b7 {[%emt 0:00:30]} h5 48. b8=Q {[%emt 0:00:30]} Bxb8 49. Nxb8 {[%emt 0:00:30]} h4 50. Kf2 {[%emt 0:00:30]} 1/2-1/2

[Event "72nd MNE-ch 2020"]
[Site "Podgorica"]
[Date "2020.09.17"]
[Round "9.4"]
[White "Tomic, Aleksandar"]
[Black "Vujovic, Savo"]
[Result "1/2-1/2"]
[WhiteElo "2373"]
[BlackElo "2082"]
[Annotator "ChessBase"]
[PlyCount "31"]
[EventDate "2020.09.11"]
[EventType "swiss"]
[EventCountry "MNE"]
[TimeControl "5400+30"]

1. d4 {[%emt 0:05:57]} Nf6 {[%emt 0:00:00]} 2. c4 {[%emt 0:00:19]} g6 {[%emt 0:00:00]} 3. Nc3 {[%emt 0:00:11]} Bg7 {[%emt 0:00:00]} 4. e4 {[%emt 0:00:09]} d6 {[%emt 0:00:00]} 5. f3 {[%emt 0:00:55]} c6 {[%emt 0:02:22]} 6. Bg5 {[%emt 0:00:28]} Nbd7 {[%emt 0:03:37]} 7. Qd2 {[%emt 0:01:00]} a6 {[%emt 0:06:51]} 8. d5 {[%emt 0:07:48]} cxd5 {[%emt 0:06:45]} 9. cxd5 {[%emt 0:00:17]} b5 {[%emt 0:03:42]} 10. Nge2 {[%emt 0:01:43]} b4 {[%emt 0:06:09]} 11. Nd1 {[%emt 0:07:19]} Nc5 {[%emt 0:02:08]} 12. Nd4 {[%emt 0:11:11]} Bd7 {[%emt 0:00:16]} 13. Nf2 {[%emt 0:01:20]} Qb6 {[%emt 0:05:24]} 14. Be3 {[%emt 0:03:58]} O-O {[%emt 0:03:43]} 15. Be2 Rfc8 {[%emt 0:05:31]} 16. O-O {[%emt 0:03:24]} 1/2-1/2

[Event "72nd MNE-ch 2020"]
[Site "Podgorica"]
[Date "2020.09.17"]
[Round "9.5"]
[White "Karisik, Nenad"]
[Black "Milovic, Jovan"]
[Result "0-1"]
[WhiteElo "2106"]
[BlackElo "2276"]
[Annotator "TA"]
[PlyCount "46"]
[EventDate "2020.09.11"]
[EventType "swiss"]
[EventCountry "MNE"]
[SourceTitle "playchess.com"]
[Source "ChessBase"]
[SourceQuality "1"]

{[%evp 10,46,31,28,42,42,61,51,64,51,58,12,65,72,61,24,31,-30,-37,-33,-22,-95,-100,-166,-79,-138,-47,-123,8,-50,-50,-32,-48,-78,0,-1039,-1021,-1195,-616]} 1. g3 g6 2. Bg2 Bg7 3. Nf3 f5 4. d4 Nf6 5. c4 O-O 6. O-O Ne4 {A87: Dutch Defence: Leningrad System: 5 Nf3.} 7. Nbd2 c5 8. d5 {[#]} Nxd2 $146 {White is slightly better.} ({Predecessor:} 8... Nd6 9. Qc2 e5 10. dxe6 dxe6 11. Rd1 Qc7 12. Nb3 e5 13. Be3 Na6 14. a3 f4 {1-0 (64) Gallego Alcaraz,A (2430)-Ossa,O (2314) Quibdo 2015}) 9. Qxd2 e5 10. d6 {Nxe5 is the strong threat.} Nc6 (10... e4 $11 11. Ng5 Kh8) 11. Qd5+ $14 Kh8 12. Bg5 ({Much weaker is} 12. Qxc5 $6 e4 $11) 12... Qe8 13. Rad1 (13. e4 $14) 13... e4 $11 14. Nh4 b6 15. Qd2 (15. f3 $1 $11) 15... Bb7 $17 16. a3 (16. f3 $17 {is a better defense.}) 16... Nd4 (16... Na5 $19 17. Qc2 Qe6) 17. b4 ({White should play} 17. Be7) 17... f4 (17... Qe6 $17 18. e3 Nf3+ 19. Nxf3 exf3) 18. e3 (18. gxf4 $15 Qe6 19. Rfe1) 18... Nf3+ (18... f3 $17 19. exd4 fxg2 20. Nxg2 cxd4) 19. Nxf3 (19. Bxf3 $11 fxe3 20. Bxe3 exf3 21. Rfe1) 19... exf3 $15 20. Bh3 fxg3 21. hxg3 {[#]} Rf5 (21... Be4 $1 $17) 22. Rfe1 $2 {[%mdl 8192]} (22. e4 $11 Re5 23. bxc5) 22... Rxg5 $19 23. Rf1 {[#]} Rf5 $1 {Accuracy: White = 24%, Black = 48%.} 0-1

[Event "72nd MNE-ch 2020"]
[Site "Podgorica"]
[Date "2020.09.17"]
[Round "9.6"]
[White "Bujisic, Vlastimir"]
[Black "Nikac, Predrag"]
[Result "0-1"]
[WhiteElo "2191"]
[BlackElo "2312"]
[Annotator "TA"]
[PlyCount "61"]
[EventDate "2020.09.11"]
[EventType "swiss"]
[EventCountry "MNE"]
[SourceTitle "playchess.com"]
[Source "ChessBase"]
[SourceQuality "1"]

{[%evp 15,61,28,47,-15,-11,-32,-10,-17,-29,-55,-41,-52,-43,-167,-161,-175,-170,-208,-204,-279,-243,-427,-418,-410,-421,-509,-496,-499,-491,-477,-475,-598,-591,-581,-587,-520,-579,-556,-550,-662,-660,-645,-637,-681,-643,-825,-816,-695]} 1. e4 c5 2. Nf3 Nc6 3. d4 cxd4 4. Nxd4 e5 5. Nb5 d6 6. N1c3 a6 7. Na3 b5 8. Nd5 Nge7 9. Nxe7 {B32: Sicilian: Löwenthal and Kalashnikov Variations.} (9. c4 $14) 9... Bxe7 $11 10. Be2 O-O 11. O-O {The position is equal.} Nd4 12. c3 Nxe2+ 13. Qxe2 Bb7 14. f4 ({White should try} 14. Nc2 $15) 14... Qb6+ $19 15. Kh1 Qc6 $36 {[%mdl 2048] Keeping White busy.} 16. fxe5 dxe5 17. Re1 Bh4 18. g3 $2 {[#]} (18. Rg1) 18... Be7 19. Nc2 f5 20. Nb4 {Black is clearly winning.} Qxe4+ 21. Qxe4 Bxe4+ (21... fxe4 $2 22. Be3 $19) 22. Kg1 a5 23. Rxe4 fxe4 24. Nc2 Bc5+ 25. Be3 Bxe3+ 26. Nxe3 {KRR-KRN} Rad8 27. Nf1 {[#]} e3 $1 28. Nxe3 Rd2 29. a4 Rf3 30. Nf1 Rxb2 31. axb5 {White got outplayed after the opening. Accuracy: White = 31%, Black = 100%.} 0-1

[Event "72nd MNE-ch 2020"]
[Site "Podgorica"]
[Date "2020.09.17"]
[Round "9.7"]
[White "Krstonijevic, Stjepan"]
[Black "Pecurica, Milos"]
[Result "1/2-1/2"]
[WhiteElo "2098"]
[BlackElo "2359"]
[Annotator "ChessBase"]
[PlyCount "58"]
[EventDate "2020.09.11"]
[EventType "swiss"]
[EventCountry "MNE"]
[TimeControl "5400+30"]

1. d4 {[%emt 0:00:00]} Nf6 {[%emt 0:01:32]} 2. Nf3 {[%emt 0:00:00]} d5 {[%emt 0:02:35]} 3. c4 {[%emt 0:00:00]} dxc4 {[%emt 0:01:47]} 4. Qa4+ {[%emt 0:01:14]} Nbd7 {[%emt 0:02:53]} 5. g3 {[%emt 0:04:00]} a6 {[%emt 0:01:05]} 6. Qxc4 {[%emt 0:00:05]} e6 {[%emt 0:02:30]} 7. Bg2 {[%emt 0:03:48]} c5 {[%emt 0:01:37]} 8. dxc5 {[%emt 0:09:54]} Bxc5 {[%emt 0:01:51]} 9. O-O {[%emt 0:01:51]} b5 {[%emt 0:00:29]} 10. Qb3 {[%emt 0:02:30]} Bb7 {[%emt 0:00:55]} 11. Ne1 {[%emt 0:00:09]} Bxg2 {[%emt 0:08:09]} 12. Nxg2 {[%emt 0:00:48]} O-O {[%emt 0:02:52]} 13. Nc3 {[%emt 0:06:51]} Rc8 {[%emt 0:01:45]} 14. Be3 {[%emt 0:00:58]} Qb6 {[%emt 0:08:22]} 15. Rfd1 {[%emt 0:02:47]} Rfd8 {[%emt 0:05:22]} 16. h3 {[%emt 0:09:33]} Bxe3 {[%emt 0:07:10]} 17. Nxe3 {[%emt 0:01:05]} b4 {[%emt 0:00:19]} 18. Na4 {[%emt 0:02:27]} Qb5 {[%emt 0:00:20]} 19. Kf1 {[%emt 0:00:50]} Ne4 {[%emt 0:05:06]} 20. a3 bxa3 {[%emt 0:00:30]} 21. Qxa3 Ndf6 {[%emt 0:00:30]} 22. Nc3 Rxd1+ {[%emt 0:00:30]} 23. Nexd1 Qf5 {[%emt 0:00:30]} 24. Kg2 Ng5 {[%emt 0:00:30]} 25. Qxa6 Qxh3+ {[%emt 0:00:30]} 26. Kg1 e5 {[%emt 0:00:30]} 27. Qb7 g6 {[%emt 0:00:30]} 28. Ne3 e4 {[%emt 0:00:30]} 29. Ncd5 Nxd5 {[%emt 0:00:30]} 1/2-1/2

[Event "72nd MNE-ch 2020"]
[Site "Podgorica"]
[Date "2020.09.17"]
[Round "9.8"]
[White "Popadic, Dragan"]
[Black "Koljevic, Nikolina"]
[Result "1/2-1/2"]
[WhiteElo "2171"]
[BlackElo "1870"]
[Annotator "TA"]
[PlyCount "22"]
[EventDate "2020.09.11"]
[EventType "swiss"]
[EventCountry "MNE"]
[SourceTitle "playchess.com"]
[Source "ChessBase"]
[SourceQuality "1"]

{[%evp 17,22,0,6,0,0,0,131]} 1. e4 c5 2. Nc3 Nc6 3. f4 g6 4. Nf3 Bg7 5. Bc4 d6 6. d3 e6 7. O-O Nge7 8. Qe1 h6 9. Bb3 a6 {The position is equal.} 10. a4 {B23: Closed Sicilian: Lines without g3.} Rb8 11. Kh1 {[#]} Ng8 $146 (11... b6 $11 {keeps the balance.}) ({Predecessor:} 11... b5 12. axb5 axb5 13. Qf2 Na5 14. e5 Nxb3 15. cxb3 dxe5 16. fxe5 O-O 17. Ne4 Qxd3 18. Nxc5 Qd8 19. Be3 Nf5 20. Rad1 Qb6 21. b4 Ra8 22. Bc1 Ra1 23. g4 Ne7 24. Rd6 Qa7 {0-1 (24) Sanchez,J (2307)-Shneider,A (2511) Cappelle-la-Grande 2003}) 1/2-1/2

[Event "72nd MNE-ch 2020"]
[Site "Podgorica"]
[Date "2020.09.17"]
[Round "9.9"]
[White "Musovic, Armin"]
[Black "Lazarevic, Zoran V"]
[Result "1-0"]
[WhiteElo "2207"]
[BlackElo "2132"]
[Annotator "ChessBase"]
[PlyCount "91"]
[EventDate "2020.09.11"]
[EventType "swiss"]
[EventCountry "MNE"]
[TimeControl "5400+30"]

1. e4 {[%emt 0:01:00]} d5 {[%emt 0:00:00]} 2. exd5 Qxd5 {[%emt 0:00:01]} 3. Nc3 {[%emt 0:00:52]} Qd6 {[%emt 0:00:17]} 4. d4 {[%emt 0:01:10]} Nf6 {[%emt 0:07:24]} 5. h3 {[%emt 0:03:06]} g6 {[%emt 0:02:28]} 6. Nf3 {[%emt 0:02:09]} Bg7 {[%emt 0:03:28]} 7. Bd3 {[%emt 0:01:16]} a6 {[%emt 0:04:00]} 8. O-O {[%emt 0:00:53]} O-O {[%emt 0:00:37]} 9. Re1 {[%emt 0:00:54]} Nc6 {[%emt 0:11:24]} 10. Be3 {[%emt 0:02:36]} b6 {[%emt 0:10:30]} 11. Qd2 {[%emt 0:02:40]} Bb7 {[%emt 0:04:32]} 12. Ne4 {[%emt 0:09:45]} Nxe4 {[%emt 0:01:58]} 13. Bxe4 {[%emt 0:00:04]} Rad8 {[%emt 0:13:04]} 14. Bg5 {[%emt 0:06:14]} Rfe8 {[%emt 0:09:38]} 15. Rad1 {[%emt 0:03:26]} f5 16. Bxc6 {[%emt 0:00:30]} Qxc6 17. c3 {[%emt 0:00:30]} Rd7 18. Qf4 {[%emt 0:00:30]} e5 19. dxe5 {[%emt 0:00:30]} Rxe5 20. Rf1 {[%emt 0:00:30]} Rxd1 21. Rxd1 {[%emt 0:00:30]} Re2 22. Rd8+ {[%emt 0:00:30]} Kf7 23. Bh6 {[%emt 0:00:30]} Bf6 24. Rf8+ {[%emt 0:00:30]} Ke7 25. Rb8 {[%emt 0:00:30]} Rxb2 26. Qe3+ {[%emt 0:00:30]} Kd7 27. Bf8 {[%emt 0:00:30]} Qe6 28. Qxe6+ {[%emt 0:00:30]} Kxe6 29. Rxb7 {[%emt 0:00:30]} Kd7 30. Bh6 {[%emt 0:00:30]} Rxa2 31. Bf4 {[%emt 0:00:30]} Bd8 32. Rb8 {[%emt 0:00:30]} Bf6 33. Rf8 {[%emt 0:00:30]} Bxc3 34. Rf7+ {[%emt 0:00:30]} Ke6 35. Rxc7 {[%emt 0:00:30]} Ba5 36. Rxh7 {[%emt 0:00:30]} b5 37. Rg7 {[%emt 0:00:30]} Bc3 38. Rxg6+ {[%emt 0:00:30]} Kd5 39. Rb6 {[%emt 0:00:30]} Ke4 40. Bd6 {[%emt 0:00:30]} Kd5 41. h4 {[%emt 0:00:30]} Kc4 42. h5 {[%emt 0:00:30]} Ra1+ 43. Kh2 {[%emt 0:00:30]} b4 44. h6 {[%emt 0:00:30]} a5 45. h7 {[%emt 0:00:30]} Kd5 46. Be5 {[%emt 0:00:30]} 1-0

[Event "72nd MNE-ch 2020"]
[Site "Podgorica"]
[Date "2020.09.17"]
[Round "9.10"]
[White "Skenderovic, Ismet"]
[Black "Pobor, Milo"]
[Result "0-1"]
[WhiteElo "1913"]
[BlackElo "2120"]
[Annotator "TA"]
[PlyCount "90"]
[EventDate "2020.09.11"]
[EventType "swiss"]
[EventCountry "MNE"]
[SourceTitle "playchess.com"]
[Source "ChessBase"]
[SourceQuality "1"]

{[%evp 15,90,14,29,11,54,40,91,0,-24,-49,-15,-95,-97,-75,170,-485,-459,-433,-456,-525,-527,-529,-529,-527,-520,-543,-537,-551,-542,-547,-539,-600,-616,-782,-785,-768,-755,-845,-838,-762,-736,-708,-687,-758,-752,-747,-743,-713,-661,-775,-754,-1243,-1218,-1220,-1196,-1179,-1151,-1772,-1729,-1631,-1603,-1264,-1097,-1287,-1164,-2327,-2195,-6341,-5043,-6149,-3278,-29981,-29981,-29984,-29985,-29984,-29984]} 1. e4 c5 2. Ne2 Nc6 3. Nbc3 Nf6 4. g3 g6 5. Bg2 Bg7 6. O-O O-O 7. d3 d6 8. h3 Nd4 9. f4 {B25: Closed Sicilian: 3 g3, lines without early Be3.} e5 10. f5 {[#]} gxf5 $146 ({Better is} 10... h6 $14) ({Predecessor:} 10... b5 11. Nxd4 cxd4 12. Ne2 d5 13. g4 dxe4 14. Ng3 Rb8 15. g5 e3 16. gxf6 Bxf6 {0-1 (29) Jobava,B (2707)-Carlsen,M (2832) Leuven 2017}) 11. exf5 ({White should play} 11. Bg5 $16) 11... Nxf5 $11 12. g4 Nh4 $1 13. Bg5 (13. Be4 $11 Nxe4 14. dxe4) 13... Nxg2 $17 14. Kxg2 {[#]} Re8 $2 (14... Nxg4 $1 $17 {and life is bright.} 15. Bxd8 Ne3+ {[%mdl 64] Double Attack} 16. Kh2 Nxd1) 15. Nd5 $4 {[%mdl 8192]} (15. Ng3 $18 {and all is fine.}) 15... Nxd5 $19 {[%mdl 64] Discovered Attack} 16. Bxd8 Ne3+ {[%mdl 64] Double Attack} 17. Kf3 Nxd1 18. Raxd1 Rxd8 19. Ng3 b5 20. Kg2 Be6 21. Rf2 Rac8 22. Rdf1 c4 23. a3 d5 24. g5 e4 25. dxe4 dxe4 26. c3 e3 27. Re2 Rd2 {White must now prevent ...Be5.} 28. Kf3 Rxe2 29. Kxe2 Bxh3 30. Rh1 Bg4+ 31. Kxe3 Be5 32. Nh5 Re8 33. Kd2 Bxh5 34. Rxh5 {[%mdl 4096] Endgame KRB-KR} Bf4+ 35. Kd1 Re5 36. Rh6 Bxg5 37. Rh2 Kg7 38. Kc2 Kg6 39. a4 a6 40. Rh1 h5 41. Rd1 h4 42. Rh1 f5 43. Rd1 h3 {Black mates.} 44. Rh1 Re2+ 45. Kb1 h2 {Accuracy: White = 28%, Black = 54%.} 0-1